000 00861nam a22001337a 4500
040 _cRUA
082 _aAVM HEN 2009 B087 Or.1
100 _aHENG, SOTHEARY.
245 _aThe effect of lysine and methionine supplementation on pig grow rate at cheungchab village mongkolborey district bantey mean chey province, ឥទ្ធិពលនៃការបន្ថែម លីស៊ីន និងមេត្យូនីនក្នុងចំណីផ្សំលើការលូតលាស់របស់ជ្រូកកូនកាត់ នៅភូមិជើងចាប ស្រុកមង្គលបូរី ខេត្តបន្ទាយមាយជ័យ
260 _aPhnom Penh
_bRUA
_c2009
300 _axi; 50p.
_bill.
_c29cm.
856 _uhttps://drive.google.com/file/d/18-hoRDVOsyLxGJv-jZ98ZmSwgyjLhGow/view?usp=sharing
942 _cAVM
999 _c2344
_d2344